| 000 | 00509cam a2200193ua 4500 | ||
|---|---|---|---|
| 001 | 749 | ||
| 008 | 110419n ii |||gr||||Z||||||eng | ||
| 040 | _cMAIN | ||
| 082 | _a342.02 | ||
| 245 | 1 |
_aWorld constitutions. _cBy Vishnoo Bhagwan. |
|
| 250 | _a3rd. | ||
| 260 |
_aNew Delhi.: _bSterling publishers.,987. |
||
| 300 |
_a158, 160, 74, 66, 118, 79 p.: _c20 cm. |
||
| 653 | _aPolitical science. | ||
| 653 | _aWorld constitutions. | ||
| 700 | _aBhagwan, Vishnoo., | ||
| 700 | _aBhushan, Vidya., | ||
| 942 | _cBK | ||
| 999 |
_c676 _d676 |
||